[Event "WchT Seniors 65"]
[Site "Struga"]
[Date "2023.09.26"]
[Round "7.3"]
[White "Kratschmer, Heinz"]
[Black "Bujupi, Fatmir"]
[Result "1/2-1/2"]
[WhiteElo "2049"]
[BlackElo "2112"]
[PlyCount "41"]
[EventDate "2023.09.19"]
[EventType "team-swiss"]
[EventRounds "9"]
[EventCountry "MKD"]
[SourceTitle "EXT 2024"]
[Source "ChessBase"]
[SourceDate "2023.10.10"]
[SourceVersion "1"]
[SourceVersionDate "2023.10.10"]
[SourceQuality "1"]
[WhiteTeam "Austria Steiermark 65"]
[BlackTeam "Kosovo 65"]
[WhiteTeamCountry "AUT"]
[BlackTeamCountry "KOS"]

1. d4 g6 2. e4 Bg7 3. Nf3 d6 4. Nc3 Nc6 5. Be2 h6 6. 0-0 Nf6 7. d5 Nb8 8. Be3 0-0 9. Qd2 Kh7 10. h3 c6 11. a4 Nbd7 12. dxc6 bxc6 13. Rfd1 Qc7 14. Nd4 Nc5 15. Bf3 e5 16. Nde2 Nb7 17. Nc1 Ne8 18. g4 Qe7 19. Bg2 Na5 20. b3 Nb7 21. N1e2 1/2-1/2

[Event "WchT Seniors 65"]
[Site "Prague"]
[Date "2020.03.10"]
[Round "5.11"]
[White "Kratschmer, Heinz"]
[Black "Jurek, Josef"]
[Result "1/2-1/2"]
[WhiteElo "2037"]
[BlackElo "2254"]
[PlyCount "102"]
[EventDate "2020.03.06"]
[EventType "team-swiss"]
[EventRounds "7"]
[EventCountry "CZE"]
[SourceTitle "CBM 195 Extra"]
[Source "ChessBase"]
[SourceDate "2020.05.31"]
[SourceVersion "1"]
[SourceVersionDate "2020.05.31"]
[SourceQuality "1"]
[WhiteTeam "Austria 65 II"]
[BlackTeam "Czech Republic 65 II"]
[WhiteTeamCountry "AUT"]
[BlackTeamCountry "CZE"]

1. d4 Nf6 2. Nf3 e6 3. c4 b6 4. e3 Bb7 5. Be2 c5 6. 0-0 Be7 7. Nc3 cxd4 8. Nxd4 a6 9. Bf3 Qc7 10. Bxb7 Qxb7 11. Qf3 Qxf3 12. Nxf3 0-0 13. b3 Rc8 14. Bb2 d6 15. Rfd1 Nbd7 16. Nd4 Bf8 17. e4 Rab8 18. f3 g6 19. Rac1 Bh6 20. Rb1 Rb7 21. Bc1 Bf8 22. a4 Rbc7 23. Nde2 h6 24. Bf4 Ne5 25. Be3 Nfd7 26. h3 Nc5 27. Kf1 Kh7 28. Rd2 Be7 29. Nd4 Nxb3 30. Rxb3 Nxc4 31. Rd3 Na5 32. Rxb6 Rxc3 33. Rxc3 Rxc3 34. Bd2 Nc4 35. Bxc3 Nxb6 36. a5 Na4 37. Bb4 Bd8 38. Bxd6 Bxa5 39. Nc6 Bb6 40. Ke2 Nc5 41. Kd2 Nb7 42. e5 f6 43. Kc3 Kg7 44. Nb8 a5 45. Kc4 fxe5 46. Bxe5+ Kf7 47. Kb5 Be3 48. Nc6 a4 49. Kxa4 Nc5+ 50. Kb5 Nd3 51. Bc3 Nf4 1/2-1/2

[Event "Wch Seniors 65 28th"]
[Site "Bled"]
[Date "2018.11.21"]
[Round "4"]
[White "Doubleday, William G"]
[Black "Kratschmer, Heinz"]
[Result "1/2-1/2"]
[WhiteElo "1929"]
[BlackElo "2035"]
[PlyCount "49"]
[EventDate "2018.11.18"]
[EventType "swiss"]
[EventRounds "11"]
[EventCountry "SLO"]
[SourceTitle "CBM 187 Extra"]
[Source "ChessBase"]
[SourceDate "2018.11.04"]
[SourceVersion "1"]
[SourceVersionDate "2018.11.04"]
[SourceQuality "1"]

1. d4 Nf6 2. c4 g6 3. Nc3 d5 4. Bg5 Ne4 5. Bh4 Nxc3 6. bxc3 dxc4 7. Qa4+ Qd7 8. Qxc4 b6 9. e3 Bg7 10. Nf3 Ba6 11. Qb3 Bxf1 12. Kxf1 c5 13. Bg3 Nc6 14. Rb1 0-0 15. Ke2 Rfd8 16. Rhd1 Na5 17. Qb5 Qxb5+ 18. Rxb5 cxd4 19. cxd4 Rac8 20. Rbb1 Rc2+ 21. Rd2 Rdc8 22. Rbd1 R2c3 23. Rd3 Rc2+ 24. R3d2 R2c3 25. Rd3 1/2-1/2

[Event "WchT Seniors 65"]
[Site "Hersonissos"]
[Date "2017.04.27"]
[Round "4.3"]
[White "Kratschmer, Heinz"]
[Black "Titz, Heimo"]
[Result "1-0"]
[WhiteElo "2003"]
[BlackElo "2154"]
[PlyCount "103"]
[EventDate "2017.04.24"]
[EventType "team-swiss"]
[EventRounds "9"]
[EventCountry "GRE"]
[SourceTitle "CBM 178 Extra"]
[Source "ChessBase"]
[SourceDate "2017.06.22"]
[SourceVersion "1"]
[SourceVersionDate "2017.06.22"]
[SourceQuality "1"]
[WhiteTeam "Steiermark"]
[BlackTeam "Austria"]
[WhiteTeamCountry "AUT"]
[BlackTeamCountry "AUT"]

1. d4 Nf6 2. Nf3 e6 3. c4 c5 4. d5 exd5 5. cxd5 d6 6. Nc3 g6 7. e4 Bg7 8. Bb5+ Nbd7 9. a4 0-0 10. 0-0 a6 11. Be2 Re8 12. Nd2 Rb8 13. a5 b5 14. axb6 Nxb6 15. f3 Nfd7 16. Nb3 Qc7 17. Bxa6 Bxa6 18. Rxa6 Qb7 19. Ra3 Nc4 20. Na5 Nxa5 21. Rxa5 Qc7 22. Ra6 Rb4 23. Qc2 Qb8 24. Kh1 Bd4 25. h3 h5 26. Rd1 Be5 27. Ra2 Nf6 28. Bd2 Nd7 29. Rda1 Rb7 30. Nd1 Nf6 31. Bc3 Nd7 32. Ne3 Qc7 33. Nc4 Bd4 34. Ra6 Nb6 35. Nxb6 Bxc3 36. Nc4 Be5 37. Nxe5 Rxe5 38. Ra8+ Kg7 39. Qc3 f6 40. R1a6 Qe7 41. Qa3 Kh6 42. Rh8+ Kg7 43. Raa8 Qf7 44. h4 Ree7 45. Qe3 f5 46. Qh6+ Kf6 47. Rhf8 fxe4 48. Rxf7+ Rxf7 49. Qf4+ Kg7 50. Qxe4 Rxb2 51. Qe8 Kf6 52. Qh8+ 1-0

[Event "WchT Seniors 65"]
[Site "Hersonissos"]
[Date "2017.04.25"]
[Round "2.3"]
[White "Kratschmer, Heinz"]
[Black "Malmdin, Nils Ake"]
[Result "1/2-1/2"]
[WhiteElo "2003"]
[BlackElo "2197"]
[PlyCount "53"]
[EventDate "2017.04.24"]
[EventType "team-swiss"]
[EventRounds "9"]
[EventCountry "GRE"]
[SourceTitle "CBM 178 Extra"]
[Source "ChessBase"]
[SourceDate "2017.06.22"]
[SourceVersion "1"]
[SourceVersionDate "2017.06.22"]
[SourceQuality "1"]
[WhiteTeam "Steiermark"]
[BlackTeam "Sweden"]
[WhiteTeamCountry "AUT"]
[BlackTeamCountry "SWE"]

1. d4 g6 2. e4 Bg7 3. Nf3 d6 4. Nc3 c6 5. Be2 b5 6. 0-0 Nd7 7. Re1 b4 8. Na4 Qa5 9. c3 bxc3 10. Nxc3 Rb8 11. Qc2 Ngf6 12. Bd2 Qb6 13. Na4 Qc7 14. Rac1 Bb7 15. e5 dxe5 16. dxe5 Nd5 17. e6 Ne5 18. Nc5 Bc8 19. Nxe5 Bxe5 20. exf7+ Kxf7 21. f4 Bd4+ 22. Kh1 Rxb2 23. Qd3 Rxd2 24. Qxd2 Be3 25. Qb2 Rf8 26. Rc4 Kg8 27. g3 1/2-1/2

[Event "Wch Seniors 65 26th"]
[Site "Marianske Lazne"]
[Date "2016.11.27"]
[Round "8"]
[White "Kratschmer, Heinz"]
[Black "Simkin, Alexander"]
[Result "1-0"]
[WhiteElo "2008"]
[BlackElo "1782"]
[PlyCount "65"]
[EventDate "2016.11.19"]
[EventType "swiss"]
[EventRounds "11"]
[EventCountry "CZE"]
[SourceTitle "CBM 175 Extra"]
[Source "ChessBase"]
[SourceDate "2016.12.12"]
[SourceVersion "1"]
[SourceVersionDate "2016.12.12"]
[SourceQuality "1"]

1. d4 g6 2. e4 Bg7 3. Nf3 d6 4. Be2 Nd7 5. 0-0 a6 6. Re1 b5 7. a4 Rb8 8. axb5 axb5 9. Na3 c6 10. c3 Ngf6 11. e5 dxe5 12. dxe5 Ng4 13. e6 fxe6 14. Ng5 Ndf6 15. Bxg4 Nxg4 16. Qxg4 e5 17. Qf3 Bf6 18. Qxc6+ Bd7 19. Qd5 e6 20. Nxe6 Qb6 21. Nc5 Bf5 22. Be3 Rd8 23. Qb3 Qc6 24. Qxb5 Qxb5 25. Nxb5 0-0 26. b4 Rb8 27. Nd6 e4 28. Ndxe4 Be5 29. Red1 Rf7 30. Bd4 Re7 31. Bxe5 Rxe5 32. f3 Rc8 33. Nd6 1-0

[Event "Wch Seniors 65 26th"]
[Site "Marianske Lazne"]
[Date "2016.11.19"]
[Round "1"]
[White "Kympergr, Vojtech"]
[Black "Kratschmer, Heinz"]
[Result "0-1"]
[WhiteElo "1506"]
[BlackElo "2008"]
[PlyCount "74"]
[EventDate "2016.11.19"]
[EventType "swiss"]
[EventRounds "11"]
[EventCountry "CZE"]
[SourceTitle "CBM 175 Extra"]
[Source "ChessBase"]
[SourceDate "2016.12.12"]
[SourceVersion "1"]
[SourceVersionDate "2016.12.12"]
[SourceQuality "1"]

1. e4 c5 2. Nf3 g6 3. Bc4 Nc6 4. 0-0 Bg7 5. Ng5 Ne5 6. c3 Nxc4 7. Qb3 Nd6 8. Re1 c4 9. Qc2 Qc7 10. d4 cxd3 11. Qxd3 Qc4 12. Qf3 Qc6 13. Bf4 Nh6 14. Nd2 0-0 15. Rad1 Nc4 16. Nxc4 Qxc4 17. a3 d6 18. h4 Bg4 19. Qd3 Qxd3 20. Rxd3 f6 21. Nf3 Bxf3 22. Rxf3 Ng4 23. Rg3 Ne5 24. h5 Kf7 25. h6 Bh8 26. Rh3 f5 27. exf5 gxf5 28. Bg5 Bf6 29. Bxf6 Kxf6 30. f4 Ng4 31. g3 Rac8 32. Kg2 Rc4 33. Kf3 Rg8 34. Reh1 Re4 35. Rh5 Re3+ 36. Kg2 Re2+ 37. Kf3 Rxb2 0-1

[Event "Neumarkt am Wallersee op 15th"]
[Site "Neumarkt am Wallersee"]
[Date "2016.08.27"]
[Round "8"]
[White "Klopf, Guenter"]
[Black "Kratschmer, Heinz"]
[Result "0-1"]
[WhiteElo "1828"]
[BlackElo "2044"]
[PlyCount "100"]
[EventDate "2016.08.20"]
[EventType "swiss"]
[EventRounds "9"]
[EventCountry "AUT"]
[SourceTitle "CBM 174 Extra"]
[Source "ChessBase"]
[SourceDate "2016.10.10"]
[SourceVersion "1"]
[SourceVersionDate "2016.10.10"]
[SourceQuality "1"]

1. d4 Nf6 2. c4 g6 3. Nc3 d5 4. Nf3 Bg7 5. Bf4 0-0 6. e3 c5 7. dxc5 Qa5 8. Qb3 Ne4 9. Rc1 Nxc3 10. bxc3 dxc4 11. Bxc4 Qxc5 12. Qb4 Nd7 13. 0-0 b6 14. Qxc5 Nxc5 15. Be5 Bb7 16. Bxg7 Kxg7 17. Rfd1 Rfd8 18. Rd4 Bxf3 19. gxf3 e5 20. Rd5 Rxd5 21. Bxd5 Rd8 22. Rd1 Na4 23. c4 b5 24. Rb1 Nc3 25. Rb3 Nxd5 26. cxd5 Rxd5 27. Ra3 Rd7 28. Ra5 Rb7 29. Kf1 Kf6 30. Ke2 Ke6 31. Kd3 Kf5 32. Ke2 f6 33. a3 Kg5 34. f4+ exf4 35. a4 fxe3 36. fxe3 Kg4 37. axb5 f5 38. Kf2 Kh3 39. Kf3 Re7 40. Ra2 g5 41. Ra6 h5 42. b6 axb6 43. Rxb6 Kxh2 44. Rg6 g4+ 45. Kf2 h4 46. Rg5 Re5 47. Rg8 g3+ 48. Kf3 h3 49. Rg7 g2 50. Kf2 Rxe3 0-1

[Event "Neumarkt am Wallersee op 15th"]
[Site "Neumarkt am Wallersee"]
[Date "2016.08.25"]
[Round "6"]
[White "Kratschmer, Heinz"]
[Black "Pruesse, Horst"]
[Result "1/2-1/2"]
[WhiteElo "2044"]
[BlackElo "2115"]
[PlyCount "86"]
[EventDate "2016.08.20"]
[EventType "swiss"]
[EventRounds "9"]
[EventCountry "AUT"]
[SourceTitle "CBM 174 Extra"]
[Source "ChessBase"]
[SourceDate "2016.10.10"]
[SourceVersion "1"]
[SourceVersionDate "2016.10.10"]
[SourceQuality "1"]

1. d4 e6 2. e4 d5 3. Nd2 dxe4 4. Nxe4 Nd7 5. Nf3 Ngf6 6. Nxf6+ Nxf6 7. c3 c5 8. Ne5 Qa5 9. Be3 Nd5 10. Qf3 Nf6 11. Bd3 Bd6 12. Nc4 Qc7 13. Nxd6+ Qxd6 14. Bb5+ Nd7 15. dxc5 Qc7 16. 0-0 0-0 17. b4 Nf6 18. Rfe1 e5 19. Bg5 e4 20. Qf4 Nd5 21. Qd2 Qe5 22. f4 e3 23. fxe5 exd2 24. Bxd2 Rd8 25. Bg5 f6 26. exf6 gxf6 27. Bh4 Kg7 28. Rad1 Bf5 29. Rc1 Kg6 30. Bf2 Nf4 31. Bd4 Bd3 32. Be3 Nh3+ 33. gxh3 Bxb5 34. Bd4 Re8 35. Kf2 Rxe1 36. Rxe1 Re8 37. Rxe8 Bxe8 38. Ke3 a6 39. c4 Kf5 40. Kd3 Ke6 41. Bf2 Kf5 42. Bg3 Ba4 43. Kd4 Bc6 1/2-1/2

[Event "Neumarkt am Wallersee op 15th"]
[Site "Neumarkt am Wallersee"]
[Date "2016.08.22"]
[Round "3"]
[White "Duy, Alexander"]
[Black "Kratschmer, Heinz"]
[Result "0-1"]
[WhiteElo "1716"]
[BlackElo "2044"]
[PlyCount "60"]
[EventDate "2016.08.20"]
[EventType "swiss"]
[EventRounds "9"]
[EventCountry "AUT"]
[SourceTitle "CBM 174 Extra"]
[Source "ChessBase"]
[SourceDate "2016.10.10"]
[SourceVersion "1"]
[SourceVersionDate "2016.10.10"]
[SourceQuality "1"]

1. e4 c5 2. Nf3 g6 3. d4 cxd4 4. Nxd4 Nc6 5. Nc3 Bg7 6. Be3 Nf6 7. Be2 0-0 8. 0-0 d5 9. exd5 Nxd5 10. Nxd5 Qxd5 11. Bf3 Qa5 12. Bxc6 bxc6 13. Nxc6 Qc7 14. Nxa7 Ba6 15. Qc1 Bxf1 16. Kxf1 Rxa7 17. Bxa7 Qxa7 18. c3 Rc8 19. Qc2 h5 20. a3 Kh7 21. a4 Rc5 22. Qd3 Qc7 23. g3 Qb7 24. Rb1 Qc6 25. a5 Rxa5 26. c4 Ra2 27. Qc2 Bd4 28. Kg1 Qb6 29. Qe2 Rxb2 30. c5 Rxb1+ 0-1

[Event "Neumarkt am Wallersee op 15th"]
[Site "Neumarkt am Wallersee"]
[Date "2016.08.21"]
[Round "2"]
[White "Kratschmer, Heinz"]
[Black "Postlmayer, Jakob"]
[Result "1-0"]
[WhiteElo "2044"]
[BlackElo "1791"]
[PlyCount "89"]
[EventDate "2016.08.20"]
[EventType "swiss"]
[EventRounds "9"]
[EventCountry "AUT"]
[SourceTitle "CBM 174 Extra"]
[Source "ChessBase"]
[SourceDate "2016.10.10"]
[SourceVersion "1"]
[SourceVersionDate "2016.10.10"]
[SourceQuality "1"]

1. d4 Nf6 2. Nf3 g6 3. Nc3 d5 4. Bf4 Bg7 5. e3 0-0 6. Be2 b6 7. Ne5 Bb7 8. h4 h6 9. Qd2 Nfd7 10. 0-0-0 e6 11. e4 Kh7 12. exd5 Bxd5 13. Nxd5 exd5 14. Bd3 Nxe5 15. Bxe5 Nc6 16. h5 Nxe5 17. dxe5 c5 18. hxg6+ fxg6 19. Rxh6+ Bxh6 20. Rh1 Rf4 21. Qxf4 Qf8 22. Qg5 Qg7 23. c3 Rc8 24. f4 Rc6 25. g4 Qf8 26. f5 c4 27. Bc2 Rc7 28. f6 Kg8 29. Rxh6 Rg7 30. Qh4 Qc5 31. Rh8+ Kf7 32. e6+ Kxe6 33. Re8+ Kf7 34. fxg7 Kxe8 35. g8Q+ Kd7 36. Qhd8+ Kc6 37. Qge8+ Kb7 38. Qed7+ Ka6 39. Qa4+ Kb7 40. Qdd7+ Qc7 41. Qxd5+ Kb8 42. Qe8+ Qc8 43. Qd6+ Kb7 44. Be4+ Ka6 45. Qa4# 1-0

[Event "EU-chT Seniors 65"]
[Site "Chalkidiki"]
[Date "2016.04.23"]
[Round "5.2"]
[White "Taksrud, Vidar"]
[Black "Kratschmer, Heinz"]
[Result "1-0"]
[WhiteElo "2061"]
[BlackElo "2060"]
[PlyCount "113"]
[EventDate "2016.04.19"]
[EventType "team-tourn"]
[EventRounds "9"]
[EventCountry "GRE"]
[SourceTitle "CBM 172 Extra"]
[Source "ChessBase"]
[SourceDate "2016.06.21"]
[SourceVersion "1"]
[SourceVersionDate "2016.06.21"]
[SourceQuality "1"]
[WhiteTeam "Norway"]
[BlackTeam "Steiermark"]
[WhiteTeamCountry "NOR"]
[BlackTeamCountry "AUT"]

1. d4 Nf6 2. Nf3 g6 3. c4 Bg7 4. g3 0-0 5. Bg2 c6 6. 0-0 d5 7. c5 Nbd7 8. Bf4 Ne4 9. Nc3 Nxc3 10. bxc3 f6 11. Qc1 e5 12. Bh6 e4 13. Ne1 b6 14. Bxg7 Kxg7 15. c4 Ba6 16. cxd5 cxd5 17. c6 Rc8 18. Bh3 f5 19. Ng2 Nb8 20. Nf4 Rf6 21. Qa3 Qd6 22. Qe3 Nxc6 23. Rfc1 Bc4 24. Bf1 Rf7 25. h4 h6 26. Bh3 b5 27. a3 Rb8 28. Kh1 a5 29. Rg1 h5 30. Bf1 Qf6 31. Rd1 b4 32. axb4 axb4 33. Bg2 b3 34. Rb1 Ra7 35. Rgd1 Kh7 36. f3 Ra2 37. fxe4 fxe4 38. Bf1 Ne7 39. Bh3 Qa6 40. Re1 Qa5 41. Ne6 Qd2 42. Qf2 Qh6 43. Ng5+ Kg8 44. Be6+ Kg7 45. Qf7+ Kh8 46. Qxe7 Qg7 47. Nf7+ Kh7 48. Rf1 Bxe2 49. Ng5+ Kh6 50. Qxg7+ Kxg7 51. Rf7+ Kg8 52. Rb7+ Kf8 53. Rxb8+ Ke7 54. Rb7+ Kd6 55. R1xb3 Bf3+ 56. Nxf3 Kxe6 57. Ng5+ 1-0

[Event "Steyr Landesliga 1516"]
[Site "Austria"]
[Date "2016.02.06"]
[Round "7.5"]
[White "Kratschmer, Heinz"]
[Black "Hellinger, Manfred"]
[Result "1/2-1/2"]
[WhiteElo "2080"]
[BlackElo "1793"]
[PlyCount "97"]
[EventDate "2015.09.26"]
[EventType "team-tourn"]
[EventRounds "11"]
[EventCountry "AUT"]
[SourceTitle "EXT 2017"]
[Source "ChessBase"]
[SourceDate "2016.10.25"]
[SourceVersion "1"]
[SourceVersionDate "2016.10.25"]
[SourceQuality "1"]
[WhiteTeam "Leibnitz Software"]
[BlackTeam "Spg ISR"]
[WhiteTeamCountry "AUT"]
[BlackTeamCountry "AUT"]

1. d4 d5 2. Nf3 Nf6 3. c4 c6 4. Nc3 e6 5. Bg5 Nbd7 6. e3 Be7 7. Bd3 dxc4 8. Bxc4 b5 9. Bd3 Bb7 10. 0-0 a6 11. e4 b4 12. Na4 0-0 13. Rc1 Rc8 14. Qe2 Qa5 15. b3 h6 16. Bh4 c5 17. Ne5 Rfe8 18. Nc4 Qd8 19. e5 Nd5 20. Bxe7 Qxe7 21. Qe4 f5 22. exf6 N7xf6 23. Qe5 cxd4 24. Bg6 Red8 25. Rfe1 Nc3 26. Nab2 Rd5 27. Qf4 Rg5 28. Nd6 Rxg2+ 29. Kf1 Rxg6 30. Nxc8 Bg2+ 31. Kg1 Bh3+ 32. Kh1 Qb7+ 33. f3 Qxc8 34. Qxd4 Qa8 35. Qd3 Rg5 36. Rg1 Rf5 37. Rg3 Bg4 38. Kg2 Nh5 39. Rxg4 Nf4+ 40. Rxf4 Rxf4 41. Nc4 Qd5 42. Qe3 Qg5+ 43. Kh1 Qf5 44. Nd6 Qf6 45. Ne8 Qf5 46. Nd6 Qf6 47. Ne8 Qf5 48. Nd6 Qf6 49. Ne8 1/2-1/2

[Event "Steyr Landesliga 1516"]
[Site "Austria"]
[Date "2015.10.24"]
[Round "3.5"]
[White "Kratschmer, Heinz"]
[Black "Khalakhan, Jurij"]
[Result "1/2-1/2"]
[WhiteElo "2080"]
[BlackElo "2178"]
[PlyCount "77"]
[EventDate "2015.09.26"]
[EventType "team-tourn"]
[EventRounds "11"]
[EventCountry "AUT"]
[SourceTitle "EXT 2017"]
[Source "ChessBase"]
[SourceDate "2016.10.25"]
[SourceVersion "1"]
[SourceVersionDate "2016.10.25"]
[SourceQuality "1"]
[WhiteTeam "Leibnitz Software"]
[BlackTeam "Graz Schachfreunde"]
[WhiteTeamCountry "AUT"]
[BlackTeamCountry "AUT"]

1. d4 Nf6 2. Nf3 d5 3. c4 c6 4. Nc3 a6 5. c5 Bg4 6. Ne5 Be6 7. Bf4 g6 8. e3 Bg7 9. Be2 0-0 10. 0-0 Nfd7 11. Nf3 f6 12. Qd2 g5 13. Bxb8 Rxb8 14. Qc2 Kh8 15. b4 Bg8 16. Rad1 h6 17. Bd3 e5 18. Bf5 e4 19. Nd2 Bh7 20. Bxh7 Kxh7 21. f3 f5 22. fxe4 fxe4 23. Rxf8 Nxf8 24. Nf1 Ng6 25. Ng3 Qd7 26. Rf1 Nh4 27. Qe2 g4 28. Rf4 Rf8 29. Qxg4 Qxg4 30. Rxg4 Nf5 31. Nxf5 Rxf5 32. Ne2 h5 33. Rf4 Kg6 34. Kf2 h4 35. g4 hxg3+ 36. hxg3 Rh5 37. Rh4 Rxh4 38. gxh4 Kh5 39. Nf4+ 1/2-1/2

[Event "EU-chT Seniors"]
[Site "Vienna"]
[Date "2015.07.15"]
[Round "4.10"]
[White "Morant, Paul"]
[Black "Kratschmer, Heinz"]
[Result "0-1"]
[WhiteElo "2137"]
[BlackElo "2079"]
[PlyCount "86"]
[EventDate "2015.07.12"]
[EventType "team-swiss"]
[EventRounds "9"]
[EventCountry "AUT"]
[SourceTitle "EXT 2018"]
[Source "ChessBase"]
[SourceDate "2017.10.13"]
[SourceVersion "1"]
[SourceVersionDate "2017.10.13"]
[SourceQuality "1"]
[WhiteTeam "Finland"]
[BlackTeam "Steiermark"]
[WhiteTeamCountry "FIN"]
[BlackTeamCountry "AUT"]

1. e4 c5 2. Nf3 g6 3. d4 cxd4 4. Nxd4 Nc6 5. Nxc6 bxc6 6. Qd4 Nf6 7. Nc3 d6 8. Bc4 Bg7 9. 0-0 0-0 10. Qd3 Qb6 11. Be3 Qa5 12. Qd2 Qb4 13. b3 Ng4 14. Bd4 Ne5 15. f4 Nxc4 16. bxc4 Qxc4 17. Bxg7 Kxg7 18. f5 Ba6 19. Rf3 f6 20. Re1 Rab8 21. Ne2 Qb4 22. Nc3 Bc4 23. Rh3 g5 24. Rg3 h6 25. h4 Rg8 26. hxg5 hxg5 27. Ree3 Kf7 28. Qd4 c5 29. Qd1 Rh8 30. Rh3 Kg7 31. Kf2 Bf7 32. Qh1 Qd4 33. Ne2 Qa4 34. Qd1 Rxh3 35. Rxh3 Qxe4 36. Rf3 Bh5 37. Re3 Qxf5+ 38. Kg1 Kf7 39. Qe1 e5 40. Ng3 Qxc2 41. Qa5 Rb1+ 42. Re1 Rxe1+ 43. Qxe1 Qd1 0-1